[Event "Challenge"]
[Site "http://www.queenalice.com/game.php?id=1857596"]
[Date "2025.5.20"]
[Round "-"]
[White "marcomasa"]
[Black "Danado"]
[Result "1-0"]
[WhiteElo "2061"]
[BlackElo "1693"]

1. e4 e5 2. Bc4 Nf6 3. Nc3 a6 4. Nf3 Bc5 5. d4 exd4 6. Ne2 d6 7. Nexd4 h6 8. Qd3
Qe7 9. O-O Nxe4 10. Re1 f5 11. Nd2 Bd7 12. Nxe4 Bxd4 13. Nxd6+ 1-0

[Event "AUTO-ADV-4867"]
[Site "http://www.queenalice.com/game.php?id=1857666"]
[Date "2025.5.22"]
[Round "1"]
[White "matamuff"]
[Black "Danado"]
[Result "1-0"]
[WhiteElo "1860"]
[BlackElo "1707"]

1. Na3 e5 2. Nc4 d6 3. e4 Nf6 4. d3 Be6 5. Ne3 d5 6. Nf3 Nc6 7. exd5 Bxd5 8.
Nxd5 Nxd5 9. c3 Qd6 10. g3 O-O-O 11. Nd2 Re8 12. Ne4 Qc5 13. Nxc5 Bxc5 14. Bg2
Rd8 15. Bxd5 Rxd5 16. Qc2 Rhd8 17. O-O R5d6 18. Rd1 b6 19. a4 a5 20. Be3 Bxe3
21. fxe3 f6 22. d4 exd4 23. exd4 g6 24. Qg2 f5 25. d5 Ne7 26. c4 c6 27. Qe2 Re8
28. dxc6 Rxc6 29. Qf3 Rd8 30. Qe2 Re8 31. Rd5 Nxd5 32. Qxe8+ Kc7 33. cxd5 1-0

[Event "AUTO-ADV-4867"]
[Site "http://www.queenalice.com/game.php?id=1857667"]
[Date "2025.5.22"]
[Round "1"]
[White "Danado"]
[Black "matamuff"]
[Result "1/2-1/2"]
[WhiteElo "1697"]
[BlackElo "1900"]

1. e4 Nf6 2. d3 e5 3. Nf3 d6 4. Nc3 c6 5. Bg5 Be7 6. Bxf6 Bxf6 7. Qd2 Be6 8. d4
a6 9. dxe5 dxe5 10. Qxd8+ Kxd8 11. O-O-O+ Ke7 12. Kb1 Nd7 13. b3 b5 14. Bd3 Rhd8
15. Be2 Nc5 16. Rxd8 Rxd8 17. Rd1 Rxd1+ 18. Bxd1 g6 19. Be2 Bg4 20. h3 Be6 21.
g3 Bg7 22. Ng5 h6 23. Nf3 Kd6 24. h4 Bg4 25. Nh2 Bxe2 26. Nxe2 Nxe4 27. Nf3 Nxf2
28. Ne1 Ne4 29. Nf3 f5 30. c4 Nf2 31. cxb5 axb5 32. Kc2 Bf6 33. Kd2 e4 34. Ne1
g5 35. Ke3 Nd1+ 36. Kd2 Nf2 37. a4 b4 38. Ke3 Ng4+ 39. Kd2 Kd5 1/2-1/2

[Event "AUTO-ADV-4867"]
[Site "http://www.queenalice.com/game.php?id=1857682"]
[Date "2025.5.22"]
[Round "1"]
[White "SGF"]
[Black "Danado"]
[Result "1-0"]
[WhiteElo "1847"]
[BlackElo "1734"]

1. e4 e5 2. Qf3 Nf6 3. d3 Nc6 4. c3 d6 5. Be2 Bg4 6. Qg3 Bxe2 7. Nxe2 Qd7 8. h4
Qg4 9. Qxg4 Nxg4 10. f3 Nf6 11. g4 d5 12. exd5 Nxd5 13. O-O Bd6 14. a3 O-O 15.
h5 Bc5+ 16. d4 exd4 17. cxd4 Nxd4 18. Nxd4 Rfe8 19. Rd1 Rad8 20. Kg2 Nf6 21. Bg5
Bxd4 22. Ra2 Be5 23. Rxd8 Rxd8 24. b4 h6 25. Bxf6 Bxf6 26. Nd2 b6 27. Ne4 Be5
28. b5 a5 29. bxa6 Ra8 30. Rc2 Rxa6 31. Ra2 Ra4 32. Kh3 Rc4 33. a4 Rc1 34. Kg2
Bf4 35. a5 bxa5 36. Rxa5 Rc2+ 37. Kf1 Rc6 38. Nc5 Kh7 39. Nb7 Rc1+ 40. Ke2 Bg3
41. Nc5 Rc2+ 42. Kd3 Rc1 43. Ne4 1-0

[Event "AUTO-ADV-4867"]
[Site "http://www.queenalice.com/game.php?id=1857683"]
[Date "2025.5.22"]
[Round "1"]
[White "Danado"]
[Black "SGF"]
[Result "0-1"]
[WhiteElo "1725"]
[BlackElo "1801"]

1. e4 e5 2. Nf3 Qf6 3. Nc3 c6 4. a3 d6 5. Bc4 b5 6. Bd3 Be7 7. Nh4 Qxh4 8. h3 a5
9. Ne2 Nf6 10. Ng3 h5 11. c4 bxc4 12. Bxc4 Nxe4 13. Qf3 f6 14. Nxe4 d5 15. g3
Qxe4+ 16. Qxe4 dxe4 17. O-O Bxh3 18. Re1 Bf5 19. Be2 Bg4 20. Bxg4 hxg4 21. Rxe4
g5 22. Rxg4 f5 23. Rc4 g4 24. d3 a4 25. b4 axb3 26. Bb2 Ra5 27. f4 gxf3 28. Kf2
Rh2+ 29. Kxf3 Rxb2 30. Rh4 Bxh4 31. gxh4 Rc2 0-1

[Event "AUTO-ADV-4867"]
[Site "http://www.queenalice.com/game.php?id=1857692"]
[Date "2025.5.22"]
[Round "1"]
[White "Fauquinelle"]
[Black "Danado"]
[Result "1-0"]
[WhiteElo "1844"]
[BlackElo "1705"]

1. e4 e5 2. Nf3 Nc6 3. Bb5 f6 4. O-O a6 5. Ba4 Nh6 6. d4 exd4 7. Nxd4 Nxd4 8.
Qxd4 Bd6 9. f4 Nf7 10. Bb3 O-O 11. e5 fxe5 12. fxe5 Qe7 13. exd6 cxd6 14. Nc3
Kh8 15. Nd5 Qe5 16. Qb4 b5 17. Bf4 Qh5 18. Bxd6 Rg8 19. Bc7 Bb7 20. Nb6 Qg5 21.
g3 Raf8 22. Rxf7 Qe3+ 23. Kf1 Re8 24. Re1 Qg5 25. Rxe8 Qc1+ 26. Kf2 h5 27. Rxg8+
Kh7 28. Rfxg7+ 1-0

[Event "AUTO-ADV-4867"]
[Site "http://www.queenalice.com/game.php?id=1857693"]
[Date "2025.5.22"]
[Round "1"]
[White "Danado"]
[Black "Fauquinelle"]
[Result "0-1"]
[WhiteElo "1716"]
[BlackElo "1901"]

1. e4 e5 2. Nf3 Nc6 3. Nc3 Nf6 4. Bc4 Bc5 5. h3 d6 6. d3 Be6 7. Bxe6 fxe6 8. Be3
b6 9. Bxc5 bxc5 10. Nb5 a6 11. Nc3 O-O 12. Ng5 d5 13. Nxe6 Qd6 14. Nxf8 Rxf8 15.
exd5 Nxd5 16. Ne4 Qe7 17. Qd2 Nf4 18. Rg1 Nd4 19. c3 Nde2 20. Rf1 Rd8 21. Kd1
Rxd3 0-1

[Event "Challenge"]
[Site "http://www.queenalice.com/game.php?id=1857700"]
[Date "2025.5.22"]
[Round "-"]
[White "marcomasa"]
[Black "Danado"]
[Result "0-1"]
[WhiteElo "2084"]
[BlackElo "1741"]

1. e4 e5 2. Bc4 Nf6 3. Nc3 a6 4. Nf3 d6 5. h3 Be6 6. Bxe6 fxe6 7. d3 h6 8. Qe2
Nc6 9. a3 d5 10. Bd2 d4 11. Na2 Bd6 12. c3 dxc3 13. Bxc3 Nd4 14. Nxd4 Qd7 15.
Nf3 O-O 16. g4 Nh7 17. h4 Rf4 18. Nh2 Raf8 19. f3 Qb5 20. Nf1 Bc5 21. Ne3 Bxe3
22. Qxe3 Rxf3 23. Qe2 Rf2 24. Qe3 R8f3 25. Qxf2 Rxf2 26. Kxf2 Nf8 27. Rad1 Ng6
28. Nc1 Qb6+ 29. Kf1 Qe3 30. Kg2 Nf4+ 31. Kf1 Qf3+ 32. Ke1 Qxh1+ 33. Kd2 Qg2+
34. Ke1 Qg1+ 35. Kd2 Qf2+ 36. Ne2 Qxe2+ 37. Kc1 Nxd3+ 0-1

[Event "AUTO-INT-3934"]
[Site "http://www.queenalice.com/game.php?id=1857867"]
[Date "2025.5.25"]
[Round "1"]
[White "Danado"]
[Black "tche_elvio"]
[Result "1-0"]
[WhiteElo "1771"]
[BlackElo "1508"]

1. e4 c5 2. Nc3 e6 3. Nf3 d6 4. Bc4 Bd7 5. d4 h6 6. dxc5 Nc6 7. cxd6 Bxd6 8.
Qxd6 Nge7 9. Qg3 Qa5 10. Bd2 a6 11. Qxg7 O-O-O 12. Nd5 Qc5 13. Nxe7+ Qxe7 14.
Qc3 Qb4 15. Qxb4 Nxb4 16. Bxb4 f6 17. O-O-O e5 18. Be7 Bc6 19. Bxd8 Rxd8 20.
Rxd8+ Kxd8 21. Rd1+ 1-0

[Event "AUTO-INT-3934"]
[Site "http://www.queenalice.com/game.php?id=1857868"]
[Date "2025.5.25"]
[Round "1"]
[White "tche_elvio"]
[Black "Danado"]
[Result "0-1"]
[WhiteElo "1503"]
[BlackElo "1726"]

1. e4 e5 2. g3 Nc6 3. Bg2 Bc5 4. c3 Nf6 5. d3 d6 6. b4 Bb6 7. a4 Ng4 8. Nh3 Nf6
9. Bg5 h6 10. a5 Bxf2+ 11. Nxf2 hxg5 12. Qc2 Ng4 13. Nxg4 Bxg4 14. Nd2 Be6 15.
h4 gxh4 16. Rxh4 Rxh4 17. gxh4 Qxh4+ 18. Kd1 Qg4+ 19. Kc1 Qxg2 20. Kb2 d5 21.
exd5 Bxd5 22. Ne4 Qxc2+ 23. Kxc2 Bxe4 24. dxe4 Rd8 0-1

[Event "AUTO-INT-3934"]
[Site "http://www.queenalice.com/game.php?id=1857869"]
[Date "2025.5.25"]
[Round "1"]
[White "Danado"]
[Black "Castling"]
[Result "0-1"]
[WhiteElo "1724"]
[BlackElo "1687"]

1. e4 e5 2. a3 Nf6 3. Nc3 a6 4. Nf3 Nc6 5. d3 h6 6. d4 exd4 7. Nxd4 Ne5 8. h3 d6
9. Bd3 Bd7 10. O-O Be7 11. Bf4 Nxd3 12. cxd3 O-O 13. Qf3 Ne8 14. Qg3 Bf6 15. Nf5
Bxf5 16. exf5 Bxc3 17. bxc3 g5 18. Be3 Nf6 19. Rab1 b5 20. Bd4 c5 21. Bxf6 Qxf6
22. c4 Rfb8 23. Qxd6 Qxd6 24. Rfe1 Qxd3 0-1

[Event "AUTO-INT-3934"]
[Site "http://www.queenalice.com/game.php?id=1857870"]
[Date "2025.5.25"]
[Round "1"]
[White "Castling"]
[Black "Danado"]
[Result "1-0"]
[WhiteElo "1704"]
[BlackElo "1707"]

1. e4 e5 2. Bc4 Nf6 3. d3 d6 4. h3 d5 5. Bb5+ c6 6. Ba4 dxe4 7. Qe2 exd3 8.
Qxe5+ Qe7 9. Qxe7+ Bxe7 10. cxd3 O-O 11. Be3 Bf5 12. Bc2 Bb4+ 13. Bd2 Re8+ 14.
Ne2 Bxd2+ 15. Nxd2 Nbd7 16. Ne4 Bxe4 17. dxe4 Nxe4 18. O-O Nec5 19. Rfe1 Re7 20.
Rad1 Nf6 21. Ng3 Rxe1+ 22. Rxe1 Re8 23. Rxe8+ Nxe8 24. Ne4 1-0

[Event "AUTO-INT-3934"]
[Site "http://www.queenalice.com/game.php?id=1857871"]
[Date "2025.5.25"]
[Round "1"]
[White "Danado"]
[Black "juim"]
[Result "0-1"]
[WhiteElo "1671"]
[BlackElo "1631"]

1. e4 e5 2. a3 d5 3. exd5 Qxd5 4. Nc3 Qd8 5. Nf3 Bg4 6. Be2 Nc6 7. h3 Be6 8. Bb5
Bd7 9. Bxc6 Bxc6 10. Qe2 Nf6 11. Nxe5 Be7 12. Nxc6 bxc6 13. d3 O-O 14. O-O Nd5
15. Nxd5 cxd5 16. d4 Re8 17. Qd3 Bd6 18. Be3 c6 19. Rae1 Bc7 20. c3 Qd6 21. g3
Rab8 22. Bf4 Qd7 23. Rxe8+ Rxe8 24. Bd2 Qxh3 25. f4 Re6 26. Rf3 Rh6 27. Kf2 Qh2+
28. Ke1 Qg1+ 29. Rf1 Qh2 30. Qa6 Re6+ 31. Kd1 Re8 32. Re1 Rf8 33. Qxa7 Bd8 34.
Qd7 h6 0-1

[Event "AUTO-INT-3934"]
[Site "http://www.queenalice.com/game.php?id=1857872"]
[Date "2025.5.25"]
[Round "1"]
[White "juim"]
[Black "Danado"]
[Result "1-0"]
[WhiteElo "1599"]
[BlackElo "1691"]

1. e4 e5 2. d4 exd4 3. Nf3 Nc6 4. Bb5 h6 5. c3 dxc3 6. Nxc3 a6 7. Bxc6 bxc6 8.
O-O Be7 9. Bf4 Nf6 10. a3 Bb7 11. Ne5 d6 12. Nc4 O-O 13. e5 dxe5 14. Bxe5 Qxd1
15. Rfxd1 Rac8 16. h3 Nd5 17. Nxd5 cxd5 18. Ne3 c6 19. Ng4 Rce8 20. f4 Bc8 21.
b4 Bxg4 22. hxg4 g5 23. fxg5 hxg5 24. Kf2 f6 25. Bd4 Rb8 26. Rd3 Rb5 27. Be3 a5
28. Rc1 Rc8 29. Bd2 axb4 30. axb4 Bxb4 31. Be3 d4 32. Bxd4 Be7 33. Be3 c5 34.
Rcd1 1-0

[Event "Challenge"]
[Site "http://www.queenalice.com/game.php?id=1857949"]
[Date "2025.5.26"]
[Round "-"]
[White "Danado"]
[Black "marcomasa"]
[Result "0-1"]
[WhiteElo "1760"]
[BlackElo "2064"]

1. e4 e5 2. Nc3 Bc5 3. Nf3 Nc6 4. Bc4 Nf6 5. h3 d6 6. d3 h6 7. Be3 Bxe3 8. fxe3
a6 9. d4 Na5 10. Qd3 Nxc4 11. Qxc4 b5 12. Qd3 Bb7 13. d5 Qd7 14. O-O-O O-O 15.
Rhg1 b4 16. Ne2 Rfb8 17. Qc4 a5 18. Nd2 Ba6 19. Qb3 a4 0-1

[Event "Challenge"]
[Site "http://www.queenalice.com/game.php?id=1857950"]
[Date "2025.5.26"]
[Round "-"]
[White "Danado"]
[Black "marcomasa"]
[Result "0-1"]
[WhiteElo "1653"]
[BlackElo "2058"]

1. e4 e5 2. Nf3 Nc6 3. Nc3 Bc5 4. d3 Nf6 5. h3 d6 6. Bg5 h6 7. Bxf6 Qxf6 8. Be2
Bd7 9. Nd5 Qd8 10. a3 Be6 11. Nc3 Nd4 12. Nxd4 Bxd4 13. O-O Qg5 14. Bg4 Bxg4 15.
Qxg4 Qf6 16. Nd5 Qd8 17. Qxg7 Kd7 18. Qxf7+ Kc8 19. c3 Bb6 20. Nxb6+ axb6 21.
Qf5+ Kb8 22. d4 Qh4 23. dxe5 Ra5 24. Qg4 Qd8 25. exd6 Rg5 26. Qf4 cxd6 27. Rad1
Re5 28. Rd5 Re6 29. Rfd1 Rf8 30. Qh2 Qh4 31. Rf1 Qxe4 32. Rxd6 Ka7 33. Rxe6 Qxe6
34. Qg3 Rg8 35. Qf3 Qg6 36. Rc1 Qg7 37. g3 Rf8 38. Qg2 Rf5 39. Qe4 Qd7 40. Qe3
Qf7 41. Rf1 h5 42. h4 Qd5 43. Qe2 Rf3 44. c4 Qf5 45. Kg2 Rb3 46. f3 Qf6 47. Rb1
Qd4 48. Rd1 Qf6 49. Rd3 Rxb2 50. Rd2 Rb1 51. a4 Qa1 52. Qf2 Qa3 53. c5 Qc1 0-1

[Event "Challenge"]
[Site "http://www.queenalice.com/game.php?id=1858219"]
[Date "2025.6.3"]
[Round "-"]
[White "marcomasa"]
[Black "Danado"]
[Result "0-1"]
[WhiteElo "2053"]
[BlackElo "1678"]

1. e4 e5 2. Bc4 Nf6 3. Nc3 Nc6 4. Nf3 h6 5. d3 a6 6. Qe2 Bc5 7. Be3 Bxe3 8. Qxe3
Nb4 9. Bb3 d6 10. a3 Nc6 11. h3 Be6 12. Bxe6 fxe6 13. d4 exd4 14. Nxd4 Nxd4 15.
Qxd4 e5 16. Qe3 Qd7 17. Qe2 Qc6 18. Qd3 O-O-O 19. b4 d5 20. exd5 Nxd5 21. Nxd5
Rxd5 22. Qb3 Rhd8 23. O-O R8d6 24. a4 Rg6 25. c4 Rd4 26. c5 Qxg2# 0-1